000 00678nam a2200277Ia 4500
005 20260324112529.0
008 008 260324s9999 xx 000 0 eng d
020 _a9781003389781
037 _aEBOOK
040 _aCRL
040 _beng
040 _cCRL
041 _2eng
041 _aeng
084 _qCRL
100 _aMithun Singh Rajput; Tewarit Sarachana; Purnima Dey Sarkar; Manan Raval
_91143083
245 0 _aNeuroPhytomedicine
260 _bTaylor and Francis
260 _c2024
365 _a
365 _b260
856 _uhttp://www.taylorfrancis.com/books/9781003389781
942 _cEBOOK
999 _c1732325
_d1732325